Estudio de pre-factibilidad para la reactivación de la planta procesadora de Helados “YO SO GOOD”, en el casco urbano de Chinandega
En la generalidad se habla de la historia del helado, de su inserción al país a través de la empresa Eskimo fundada por el Sr. Mario Silvo por los años de 1,942. Además se habla de los antecedentes de la empresa sorbetera “YO SO GOOD”.
| Main Authors: | , , |
|---|---|
| Other Authors: | |
| Format: | Tesis Section = Libro |
| Language: | Undetermined Spanish |
| Published: |
Managua
UNI
2004
|
| Subjects: |
| LEADER | 01270nam a2200301Ia 4500 | ||
|---|---|---|---|
| 008 | 240830s9999 xx 000 0 und d | ||
| 040 | |a BIBLIOTECA-RUPAP Mon 658.11 S939 | ||
| 041 | |a spa | ||
| 082 | |a Mon 658.11 S939 | ||
| 100 | 1 | |a Suazo Calero, Francisco José | |
| 100 | 1 | |b Tijerino Vásquez, Jorge Luis | |
| 100 | 1 | |c Valle Midence, Cristhofer | |
| 245 | 1 | 0 | |a Estudio de pre-factibilidad para la reactivación de la planta procesadora de Helados “YO SO GOOD”, en el casco urbano de Chinandega |
| 260 | |a Managua |b UNI |c 2004 | ||
| 300 | |a 144 p. :il. | ||
| 500 | |a Contiene Anexos y CD | ||
| 502 | |a Tesis (Ingeniero Industrial)- UNI, 2004. | ||
| 520 | 3 | |a En la generalidad se habla de la historia del helado, de su inserción al país a través de la empresa Eskimo fundada por el Sr. Mario Silvo por los años de 1,942. Además se habla de los antecedentes de la empresa sorbetera “YO SO GOOD”. | |
| 650 | 7 | |a EMPRESAS Y PROYECTOS | |
| 650 | 7 | |b ESTUDIOS DE FACTIBILIDAD | |
| 650 | 7 | |c HELADOS- INDUSTRIA Y COMERCIO | |
| 650 | 7 | |d PLANTA PROCESADORA DE HELADOS ASPECTOS ECONOMICOS | |
| 650 | 7 | |e ESTUDIO DE MERCADO | |
| 650 | 7 | |f EVALUACION FINANCIERA | |
| 700 | 1 | |a Tutor: |b Chavarría, Dennis | |
| 942 | |c BK |2 ddc | ||
| 991 | |a TESIS | ||
| 999 | |c 17006 | ||